NLSUI OPAC header image

Carriage of goods by sea (Record no. 18256)

MARC details
000 -LEADER
fixed length control field 00361nam a2200157Ia 4500
008 - FIXED-LENGTH DATA ELEMENTS--GENERAL INFORMATION
fixed length control field 160316s1993 xxu||||| |||| 00| 0 eng d
082 ## - DEWEY DECIMAL CLASSIFICATION NUMBER
Classification number 346.096200
Item number WIL-1
100 ## - MAIN ENTRY--PERSONAL NAME
Personal name Wilson John
245 ## - TITLE STATEMENT
Title Carriage of goods by sea
250 ## - EDITION STATEMENT
Edition statement 2ND
260 ## - PUBLICATION, DISTRIBUTION, ETC.
Place of publication, distribution, etc. London
Name of publisher, distributor, etc. Pitman Publishing
Date of publication, distribution, etc. 1993
300 ## - PHYSICAL DESCRIPTION
Extent 478p
Other physical details
Dimensions il
365 ## - TRADE PRICE
Price amount
650 ## - SUBJECT ADDED ENTRY--TOPICAL TERM
Topical term or geographic name entry element
700 ## - ADDED ENTRY--PERSONAL NAME
Personal name
--
Holdings
Withdrawn status Lost status Damaged status Not for loan Home library Current library Shelving location Date acquired Total Checkouts Full call number Barcode Date last seen Price effective from Koha item type
        . . Xerox Bound Volumes 30.05.2017   346.0962 WIL-1 XB107 30.05.2017 30.05.2017 Rare collections